000 00604nam a22002297a 4500
003 UA-OsUOA
001 34178
007 ta
008 20050926b un ||||| |||| 00| 0 ukr d
100 _aКронин А.
090 _a821.111
_bК83
942 _cBK
040 _aUA-OsUOA
_brus
_cUA-OsUOA
_dUA-OsUOA
245 _aЗвезды смотрят вниз
300 _a548 с.
955 _a2
041 _arus
080 _a821.111
260 _aК.
_bХудожня литература
_c1956
650 7 _a82 Література. Літературознавство
_2UDC
999 _c320611
_d320611